000 00754nam a2200241Ia 4500
003 OSt
005 20220923212946.0
006 a|||||r|||| 00| 0
007 ta
008 220922b |||||||| |||| 00| 0 hin d
024 _a157,390
037 _cTextual
040 _aARTS
_cARTS
_bhin
041 _2hin
_ahin
082 _aO152:g(Y), M5
100 _aशुक्ल, नारायण
_9156318
245 0 _aजनवादी सम और साहित्य
246 _aJanavādī sam aur sāhitya
260 _aवाराणसी
_b विश्वविद्यालय
_c1985
300 _a159 पृ.
_ccm.
942 _hO152:g(Y), M5
_cTEXL
_2CC
999 _c312607
_d312607